[Event "EU School-ch U17"]
[Site "Kallithea"]
[Date "2008.04.30"]
[Round "2"]
[White "Filippas, Sebastian"]
[Black "Saurabh, Sable"]
[Result "1-0"]
[WhiteElo "2244"]
[BlackElo "1465"]
[PlyCount "63"]
[EventDate "2008.04.29"]
[EventType "swiss"]
[EventRounds "9"]
[EventCountry "GRE"]
[SourceTitle "CBM 124 Extra"]
[Source "ChessBase"]
[SourceDate "2008.07.03"]
[SourceVersion "1"]
[SourceVersionDate "2008.07.03"]
[SourceQuality "1"]

1. d4 d5 2. Nf3 Nf6 3. c4 e6 4. Nc3 b6 5. Bf4 c5 6. e3 Bd6 7. Bxd6 Qxd6 8. dxc5 bxc5 9. cxd5 exd5 10. Be2 Qd8 11. 0-0 0-0 12. Rc1 Bb7 13. Na4 c4 14. Nd4 Nc6 15. Bf3 Nxd4 16. Qxd4 Bc6 17. Nc3 Qb6 18. Rfd1 Rfd8 19. Rc2 Qxd4 20. Rxd4 Rd7 21. Rcd2 Rad8 22. g3 Kf8 23. h4 Ke8 24. Bg2 Ne4 25. Nxe4 dxe4 26. Bxe4 Bxe4 27. Rxe4+ Kf8 28. Rxd7 Rxd7 29. Rxc4 Ke7 30. Kg2 Kd8 31. Rd4 Rxd4 32. exd4 1-0